[Event "Krasnoyarsk-ch"]
[Site "Krasnoyarsk"]
[Date "2016.03.20"]
[Round "7"]
[White "Konovalov, Timofey"]
[Black "Pavlov, Oleg Yuryevich"]
[Result "1-0"]
[WhiteElo "1695"]
[BlackElo "2162"]
[PlyCount "81"]
[EventDate "2016.02.01"]
[EventType "swiss"]
[EventRounds "9"]
[EventCountry "RUS"]
[SourceTitle "CBM 171 Extra"]
[Source "ChessBase"]
[SourceDate "2016.04.26"]
[SourceVersion "1"]
[SourceVersionDate "2016.04.26"]
[SourceQuality "1"]

1. c4 Nf6 2. d4 e5 3. g3 exd4 4. Qxd4 Nc6 5. Qd1 Bb4+ 6. Bd2 Bxd2+ 7. Nxd2 d5 8. Bg2 Be6 9. b3 0-0 10. e3 Re8 11. Ne2 Qd6 12. Nf4 d4 13. 0-0 dxe3 14. fxe3 Bg4 15. Nf3 Qxd1 16. Raxd1 Rxe3 17. h3 Bf5 18. Nd5 Nxd5 19. Rxd5 Be6 20. Rd2 Na5 21. Rfd1 g6 22. Kf2 Rc3 23. Nd4 Rd8 24. Nb5 Rxd2+ 25. Rxd2 Rc1 26. Nxc7 Bf5 27. g4 Rc2 28. Rxc2 Bxc2 29. Nb5 a6 30. Nc3 Kf8 31. Ke3 g5 32. Kd4 b6 33. b4 Nxc4 34. Kxc4 b5+ 35. Kc5 h5 36. Kb6 Ke7 37. gxh5 f5 38. Bf3 Kd6 39. h6 f4 40. Ne4+ Ke5 41. h7 1-0

[Event "Novokuznetsk SFO-ch U15"]
[Site "Novokuznetsk"]
[Date "2014.11.08"]
[Round "7"]
[White "Bogachkov, Viktor"]
[Black "Konovalov, Timofey"]
[Result "1/2-1/2"]
[WhiteElo "1855"]
[BlackElo "800"]
[PlyCount "78"]
[EventDate "2014.11.02"]
[EventType "swiss"]
[EventRounds "9"]
[EventCountry "RUS"]
[SourceTitle "CBM 163 Extra"]
[Source "ChessBase"]
[SourceDate "2014.12.23"]
[SourceVersion "1"]
[SourceVersionDate "2014.12.23"]
[SourceQuality "1"]

1. d4 d6 2. e4 Nf6 3. Nc3 e5 4. Nf3 Nbd7 5. Be2 Be7 6. 0-0 0-0 7. dxe5 Nxe5 8. Nd4 d5 9. f4 Nc6 10. Nxc6 bxc6 11. e5 Ne4 12. Nxe4 dxe4 13. Be3 f5 14. exf6 Bxf6 15. Bc4+ Kh8 16. c3 Qe8 17. Qe2 Be6 18. Bc5 Rf7 19. Qxe4 Bxc4 20. Qxc4 Be7 21. Rfe1 h6 22. Kh1 Qf8 23. Bxe7 Rxe7 24. Re5 Rae8 25. Rae1 Rxe5 26. fxe5 Qf5 27. Qe4 Qxe4 28. Rxe4 Kh7 29. g3 Kg6 30. Kg2 Kf5 31. Kf3 Rxe5 32. Rxe5+ Kxe5 33. Ke3 c5 34. c4 a5 35. b3 h5 36. h3 g5 37. g4 h4 38. a3 c6 39. a4 Kf6 1/2-1/2

[Event "Novokuznetsk SFO-ch U15"]
[Site "Novokuznetsk"]
[Date "2014.11.06"]
[Round "5"]
[White "Sakhirov, Boris"]
[Black "Konovalov, Timofey"]
[Result "1-0"]
[WhiteElo "1817"]
[BlackElo "800"]
[PlyCount "127"]
[EventDate "2014.11.02"]
[EventType "swiss"]
[EventRounds "9"]
[EventCountry "RUS"]
[SourceTitle "CBM 163 Extra"]
[Source "ChessBase"]
[SourceDate "2014.12.23"]
[SourceVersion "1"]
[SourceVersionDate "2014.12.23"]
[SourceQuality "1"]

1. Nf3 d6 2. g3 e5 3. d3 Be7 4. Bg2 Nf6 5. 0-0 0-0 6. c4 c6 7. Nc3 Nbd7 8. b3 a5 9. Qc2 Nc5 10. d4 exd4 11. Nxd4 Be6 12. Rd1 Qc7 13. Bb2 Rad8 14. Rac1 d5 15. cxd5 Nxd5 16. Nxd5 Bxd5 17. e4 Be6 18. Ba3 Na6 19. Nxe6 fxe6 20. Bxe7 Qxe7 21. Qc4 Kh8 22. e5 Rfe8 23. Bh3 Rd5 24. Re1 Nb4 25. Re2 Nd3 26. Rcc2 Nxe5 27. Qe4 Rd1+ 28. Kg2 Rd5 29. f4 Nd3 30. Qxe6 Qxe6 31. Bxe6 Rd6 32. Bc4 Rxe2+ 33. Rxe2 h6 34. Bxd3 Rxd3 35. Kh3 Kh7 36. Kh4 a4 37. bxa4 Ra3 38. Rb2 Rxa4 39. Rxb7 Rxa2 40. h3 Rc2 41. Kg4 c5 42. Rc7 c4 43. f5 c3 44. f6 Rf2 45. fxg7 c2 46. Kh5 Rf5+ 47. Kg4 Rf2 48. h4 Kg8 49. Kh5 Kh7 50. Kg4 Kg8 51. Kh5 Kh7 52. Kg4 Kg8 53. Kh3 Rd2 54. Kg4 Rf2 55. Kh3 Rd2 56. g4 Rf2 57. Kg3 Re2 58. Kf3 Rd2 59. Kf4 Rd4+ 60. Kf5 Rd5+ 61. Ke6 Rd4 62. Kf6 Rxg4 63. Rc8+ Kh7 64. Rh8# 1-0